| 000 | 00885nam a2200253Ia 4500 | ||
|---|---|---|---|
| 003 | OSt | ||
| 005 | 20220923230622.0 | ||
| 006 | a|||||r|||| 00| 0 | ||
| 007 | ta | ||
| 008 | 220922b |||||||| |||| 00| 0 hin d | ||
| 020 | _c180 | ||
| 024 | _a284,556 | ||
| 037 |
_b934, 23/03/2015, H.K. Prakashan _cTextual |
||
| 040 |
_aARTS _cARTS _bhin |
||
| 041 |
_2hin _ahin |
||
| 082 | _aO152,3M95x, 153Q3 | ||
| 100 | _aਸਾਂਕ੍ਰਿਤਯਾਯਨ, ਰਾਹੁਲ | ||
| 245 | 0 | _aਵੋਲਗਾ ਤੋ੍ਵ ਗੰਗਾ 1942 ਈ | |
| 260 |
_aਫਰੀਦਕੋਟ _b ਗੁਰਦੇਵ ਫਾਉ੍ਵਡੇFਨ _c2013 |
||
| 300 |
_a369ਪੰ _ccm. |
||
| 650 | _aਹਿੰਦੀ ਸਾਹਿਤ | ||
| 942 |
_hO152,3M95x, 153Q3 _cTEXL _2CC |
||
| 999 |
_c386082 _d386082 |
||